Poistný trh a význam predmetu životné poistenie pri príprave poistných matematikov na FHI EU

Guardado en:
Detalles Bibliográficos
Autor principal: Sakálová, Katarína, 1955-
Formato: Capítulo de libro
Lenguaje:eslovaco
Etiquetas: Agregar Etiqueta
Sin Etiquetas, Sea el primero en etiquetar este registro!

MARC

LEADER 00000naa$a2200000$$$4500
001 0094524
005 20240502072042.6
041 0 |a slo 
044 |a SK 
245 1 0 |a Poistný trh a význam predmetu životné poistenie pri príprave poistných matematikov na FHI EU  |c Katarína Sakálová 
100 1 |a Sakálová, Katarína, 1955-